Name The Midnights Song From The Lyrics - Taylor Swift - Statistics

General Stats
  • This quiz has been taken 29 times
  • The average score is 11 of 13
Answer Stats
Lyrics Song % Correct
It's me, hi / I'm the problem, it's me Anti-Hero
100%
What's a girl gonna do? / A diamond's gotta shine Bejeweled
92%
So, make the friendship bracelets, take the moment and taste it / You've got no reason to be afraid You're On Your Own, Kid
92%
And I keep my side of the street clean / You wouldn't know what I mean Karma
88%
And he never thinks of me / Except for when I'm on TV Midnight Rain
88%
Uh-oh, I'm fallin' in love / Oh no, I'm fallin' in love again Labyrinth
84%
I'm so in love that I might stop breathing / Drew a map on your bedroom ceiling Paris
84%
No deal / The 1950s shit they want from me Lavender Haze
80%
No one wanted to play with me as a little kid / So I've been scheming like a criminal ever since Mastermind
80%
It turned into something bigger / Somewhere in the haze, got a sense I'd been betrayed The Great War
80%
A brief interruption, a slight malfunction / I'd go back to wanting dudes who give nothing Glitch
76%
Bet I could still melt your world / Argumentative, antithetical dream girl Hits Different
76%
Living for the thrill of hitting you where it hurts / Give me back my girlhood, it was mine first Would've Could've Should've
76%
No matching quizzes found
Score Distribution
Percent of People with Each Score
Percentile by Number Answered
Your Score History
You have not taken this quiz